Normal view
MARC view
Entry Personal Name
001 - CONTROL NUMBER
- control field: 80310
003 - CONTROL NUMBER IDENTIFIER
- control field: dpl
005 - DATE AND TIME OF LATEST TRANSACTION
- control field: 20250404123552.0
008 - FIXED-LENGTH DATA ELEMENTS
- fixed length control field: 250404|| aca||aabn | a|a d
040 ## - CATALOGING SOURCE
- Original cataloging agency: dpl
- Transcribing agency: dpl
100 ## - HEADING--PERSONAL NAME
- Personal name: निज़ामी, अहमद जफ़र
670 ## - SOURCE DATA FOUND
- Source citation: Work cat.: (dpl)210808: निज़ामी, अहमद जफ़र, भारत के स्वतंत्रता संग्राम में मुसलमानों की भूमिका 1857 से 1947 तक, 2018
